Estatísticas para teorias de enfermagem 3

Clique aqui para jogar o quiz

Estatísticas Gerais

  • Esse quiz foi jogado 6 vezes
  • A pontuação média é 6 de 10

Estatísticas das Respostas

QuestãoResposta% Correto
Quais os fundamentos básicos da teoria de Wanda Horta?Baseado nas necessidades psicobiológicas, psicossociais e psicoespirituais propõe uma metodologia para o próximo de enfermagem focando o ser humano integral, na busca do equilíbrio biopsicossocial.
100%
Quais os fundamentos básicos da teoria de Dorothea Orem?Sistema de ajuda para o autocuiado quando o paciente se encontra incapaz de realizá-lo por si só, onde o enfermeiro deve relacionar a educação em saúde a fim de tornar o paciente independente.
100%
Quais os fundamentos básicos da teoria de Hildegard Peplau?Desenvolvimento de boas relações entre paciente e enfermeiro.
75%
Quais os fundamentos básicos da teoria de Florence Nightingale?O enfermeiro deve manipular o ambiente do paciente para facilitar os "processos reparadores do corpo".
75%
Quais os fundamentos básicos da teoria de Medeleine Leninger?A enfermagem deve considerar os valores culturais e as crenças das pessoas.
50%
Quais os fundamentos básicos da teoria de Virgínia Henderson?A função do enfermeiro é assistir o paciente e ajudá-lo a ganhar independência.
50%
Quais os fundamentos básicos da teoria de Dorothy E. Jonhson?Apresenta a enfermagem como força reguladora externa agindo para preservar a organização e integração do comportamento do paciente a um ótimo nível.
50%
Quais os fundamentos básicos da teoria de Martha Rogers?Interação harmoniosa entre paciente e ambiente para maximizar a saúde, já que ambos são campos de energia de quatro dimensões
50%
Quais os fundamentos básicos da teoria da Irmã Calista Roy?Identificar tipos de demanda colocadas sobre o paciente, analisar a adaptação às demandas e ajudar o paciente a se adaptar
0%
Quais os fundamentos básicos da teoria de Ernestine Wiedenbach?O foco é a necessidade do paciente, e a enfermagem desempenha um processo nutridor, apresentando quatro quatro elementos de assistência: a filosofia, o propósito, a prática e a arte.
0%

Distribuição das Pontuações

Percentil de Números Respondidos

Porcentagem de Pessoas com Cada Pontuação

Sua Pontuação Histórica

Você não jogou esse quiz